Responses for show #456 - Monday, September 8, 1986

First game of Season 3.

Contestants

Sandra Cheltenham, a singer from Los Angeles, California

Florence Cohen, a teacher from Los Angeles, California

Susan Sackett, a writer from Studio City, California

Jeopardy! Round responses

U.S. GOVERNMENT
ANIMALS
SAUCES
1966
QUOTES
"LEWIS" & "CLARK"
    $100 20
bi-partisan

Sandra
    $100 1
duck-billed platypus

Susan
    $100 9
(Florence: What is the bun?)

the special sauce

Florence
Triple Stumper
    $100 16
the moon

Florence
    $100 7
Guy Lombardo

Florence
    $100 3
Carl Lewis

Sandra
    $200 21
(Sandra: What is 35?)
(Susan: What is 21?)
..................................(Alex: And we've got about 1 minute to go in this round.)

25

SusanSandra
Triple Stumper
    $200 2
walrus

Florence
    $200 10
mayonnaise

Sandra
    $200 17
Frank Sinatra

Sandra
    $200 11
until tomorrow what you can do today

Susan
    $200 4
Clark Gable

Florence
    $300 22
New York

Triple Stumper
    $300 8
(Florence: What is gold?)

white

Florence
Triple Stumper
    $300 24
Bordelaise

Florence
    $300 15
smile

Florence
    $300 5
Gary Lewis and the Playboys

Susan
    $400 23
Robert McNamara

Triple Stumper
    $400 12
eye of newt

Susan
    $400 25
cream-colored (white or yellow)

Florence
    $400 18
"Speak softly and carry a big stick, and..."

Triple Stumper
    $400 6
Sinclair Lewis

Sandra
    $500 13
mollusks or crustaceans

Susan
    $500 26
[The end-of-round signal sounds.]

Bearnaise

Triple Stumper
    $500 19
Sir Arthur Conan Doyle

Triple Stumper
    $500 14
Emmanuel Lewis & Susan Clark

Susan

Scores at the first commercial break (after clue 11):

Susan Florence Sandra
$600 $100 $700

Scores at the end of the Jeopardy! Round:

Susan Florence Sandra
$1,800 $1,200 $800

Double Jeopardy! Round responses

FICTIONAL HEROINES
PHYSIOLOGY
ODD JOBS
THE WESTERN HEMISPHERE
MUSIC
KIDS' TV
    $200 4
Cinderella

Sandra
    $200 7
(the palm of) your hand

Susan
    $200 2
a chimney sweep

Sandra
    $200 23
(Alex: And we have a minute to go in this round.)

silver

Florence
    $200 1
pitch

Florence
    $200 6
(Sandra: Who are the...oh?)
(Susan: Who are the Cosby Kids?)

the Harlem Globetrotters

SusanSandra
Triple Stumper
    $400 16
(Susan: Who are Zooey & Daphnis?)

Franny & Chloe

SusanFlorence
    $400 8
(Susan: What is concave?)

convex

SusanSandra
    $400 11
horse racing

Florence
    $400 24
Hudson Bay

Susan
    $400 3
9

Florence
    $400 20
Cliff Robertson

Sandra
    $600 17
(Florence: What is "Tess of the d'Urbervilles?")

Far From the Madding Crowd

Florence
Triple Stumper
    $1,000 14
stirrup

Susan
    $600 12
[Alex doing W.C. Fields impression]

The Bank Dick

Triple Stumper
    $1,000 25
Brazil

Susan
    $600 5
electric organ

Susan
    $600 22
Micky Dolenz

Susan
    $800 18
(Alex: Portrayed by Ingrid Bergman in the film.)

Casablanca

Susan
    $800 15
leg (thigh)

Florence
    $800 13
(Florence: What are the Pope's guard?)
(Alex: A little more specific...)
(Florence: The Vatican soldiers?)

the Swiss Guard

SusanFlorence
    $800 26
[end-of-round signal sounds]

the Caribbean (Sea)

Sandra
    $800 9
(Florence: What is the bassoon?)

saxophone

Florence
Triple Stumper
    $1000 19
(Susan: What is the heart?)
(Sandra: What is the brain?)
(Florence: What is the skin?)

liver

SusanFlorenceSandra
Triple Stumper
    $1000 21
(Alex: Those are the people who push the others into the cars.)

the pusher

Susan
    $1000 10
marching & concert or symphonic

Triple Stumper

Scores at the end of the Double Jeopardy! Round:

Susan Florence Sandra
$6,200 $400 $1,600
(lock game)

[wagering suggestions for these scores]

Final Jeopardy! Round responses

BUSINESS & INDUSTRY
FlorenceWhat is Nestle?
$0
SandraWhat is Gerber?
$200
SusanWhat is Nestles?
$200
Nestle

Final scores:

Susan Florence Sandra
$6,400 $400 $1,400
New champion: $6,400 3rd place: Excel fitness equipment 2nd place: La-Z-Boy furniture & Greyhound luggage

Game dynamics:

Coryat scores:

Susan Florence Sandra
$5,400 $400 $1,600
15 R
(including 3 DDs),
5 W
13 R,
6 W
10 R,
3 W

Combined Coryat: $7,400

The J! Archive is created by fans, for fans. The Jeopardy! game show and all elements thereof, including but not limited to copyright and trademark thereto, are the property of Jeopardy Productions, Inc. and are protected under law. This website is not affiliated with, sponsored by, or operated by Jeopardy Productions, Inc. Join the discussion at JBoard.tv.